000 01052nam a2200253 a 4500
001 48337
003 BD-RjUL
005 20211209054514.0
008 160813s1978 bg ||||| |||| 00| 0 ben d
020 _cTK.10
035 _a(BD-RjUL)48456
040 _aBD-RjUL
_bben
_cBD-RjUL
041 _aben
082 _223
_a822
_bWIJ 1978
100 _aওয়াইল্ডার, থর্ন টন
_9146315
245 _aযন্ত্রণা-চাপ :
_bতিন অঙ্কের নাটক /
_cথর্ন টন ওয়াইল্ডার ,আসকার ইব নে্ শাইখ (অনুবাদক)
250 _a২য় সং.
260 _aঢাকা :
_bখোশরোজ কিতাব মহল,
_c১৯৭৮
300 _a১৩৯ পৃ. ;
_c২২ সেমি.
650 _aইংরেজি নাটক
_9146316
_v বাংলা অনুবাদ
650 _aEnglish drama
_vtranslate into Bengali
_9146524
700 _aশাইখ, আসকার ইব নে্
_9146317
942 _2ddc
_cBK
999 _c48337
_d48337